| 000 | 00856nam a22002177a 4500 | ||
|---|---|---|---|
| 999 |
_c8968 _d8968 |
||
| 003 | AR-CdUCM | ||
| 008 | 190327b ||||| |||| 00| 0 spa d | ||
| 040 |
_aMUNICIPALIDAD PROVINCIAL DEL CUSCO _cBIBLIOTECA MUNICIPAL DEL CUSCO |
||
| 082 |
_a582.130985 / _bC69 |
||
| 100 |
_aCollantes Meza, Benjamin _924872 |
||
| 245 |
_aAmaru, paraíso de orquídeas : _bAmaru, orchid's paradise / |
||
| 260 |
_aLima : _bImpresso Gráfica, _c2014. |
||
| 300 |
_a2014 paginas ; _c35 cm. _bIlustraciones (principalmente col.), mapas |
||
| 505 | _aContenido : Referencias históricas -- Biología general de las orquídeas -- Las especies -- Conservación en situ -- Aspectos sociales de huachacolpa ... | ||
| 650 |
_aOrquídeas _920770 |
||
| 650 |
_aHuancavelica _924873 |
||
| 650 |
_aPerú _935 |
||
| 700 |
_aEgoavil, Luis _924874 |
||
| 942 |
_2ddc _cLIBROS |
||
| 945 | _arah | ||